Quizz : Modèles et marques de voitures - Statistiques

Statistiques générales
  • Ce quiz a été pris 2 982 fois
  • Le résultat moyen est 8 sur 17
Statistiques - réponses
Par images Réponse % Correct
Bugatti chiron
96%
Lamborghini Urus
85%
Bugatti veyron
82%
Ferrari F40
69%
Lamborghini countach
64%
Bugatti la voiture noir
63%
Lamborghini Huracan
63%
Bugatti divo
62%
Ferrari La ferrari
49%
Ferrari 488 pista
33%
Lamborghini Aventador S
28%
Ferrari F8
26%
Pagani Huayra
16%
Koenigsegg one : 1
10%
Aston Martin dbs superleggera
3%
McLaren 620s
3%
Porshe 911 gt3 rs
1%
Aucun quiz correspondant
Distribution des résultats
% des personnes avec chaque résultat
Percentile par nombre de réponses
Votre historique - résultats
Vous n’avez pas pris ce quiz